Villes principales de Savoie/Haute-Savoie - Statistiques

Statistiques générales
  • Ce quiz a été pris 136 fois
  • Le résultat moyen est 8 sur 15
Statistiques - réponses
Hint Réponse % Correct
131.766 Annecy
98%
59.172 Chambéry
94%
31.100 Aix-les-Bains
78%
37.485 Annemasse
73%
19.830 Albertville
69%
36.626 Thonon-les-Bains
60%
16.986 Sallanches
49%
16.976 Cluses
44%
12.511 Bonneville
42%
15.739 Saint-Julien-en-Genevois
37%
15.944 Rumilly
34%
12.377 La Motte-Servolex
33%
11.155 La Roche-sur-Foron
21%
10.350 Gaillard
19%
11.350 Passy
14%
Aucun quiz correspondant
Distribution des résultats
% des personnes avec chaque résultat
Percentile par nombre de réponses
Votre historique - résultats
Vous n’avez pas pris ce quiz